000 00575nam a2200229Ia 4500
003 OSt
005 20220924144550.0
006 a|||||r|||| 00| 0
007 ta
008 220923b |||||||| |||| 00| 0 urd d
024 _a315774
037 _cTextual
040 _aARTS
_cARTS
_burd
041 _2urd
_aurd
082 _aO168,1NNJ,1, J2
100 _aJarchavi Nakhshab
_9217910
245 0 _aMashaal-e-raah
260 _c1972
650 _aURDU POETRY
942 _hO168,1NNJ,1, J2
_cTEXL
_2CC
999 _c457477
_d457477